000 00595nam a22002052 4500
001 0000021417
005 20151217152231.0
008 120503s xx 000 0 eng d
020 _a9211250876 :
040 _aKABU
_cKABU
100 1 _aSibanda, Sibongile.
_@0000182258
245 1 0 _aGenerate your business idea /
_cSibongile Sibanda and Milena Mileman.
250 _a2nd ed.
260 _aGeneva :
_bILO,
_c2011.
300 _av, 56 p.
650 0 _aBusiness planning.
_@0000150583
852 1 _9p400 KES
908 _a120503
950 _@1
999 _c9663
_d9663